000 00681nam a2200217Ia 4500
008 140529s9999 xx 000 0 und d
020 _a9780071634144
050 _aR 724
_b.J66 2010
100 _aJonsen, Albert R.
245 _aClinical ethics :
_ba practical approach to ethical decisions in clinical medicine /
_cAlbert R. Jonsen, Mark Siegler, William J. Winslade
250 _a7th ed.
260 _aNew York :
_bMcGraw-Hill Medical,
_cc2010.
300 _a228 p. ;
_c23 cm.
500 _aIncludes index.
521 _aNUR
650 _aBioethical issues.
650 _aEthics, Clinical.
650 _aPatient participation.
942 _kFOR
_cBK
999 _c117704
_d117704